[Event "Andorra op 20th"]
[Site "Andorra"]
[Date "2002.07.12"]
[Round "7"]
[White "Psakhis, Lev"]
[Black "Gustafsson, Jan"]
[Result "1-0"]
[WhiteElo "2574"]
[BlackElo "2542"]
[Annotator "Psakhis,L"]
[PlyCount "101"]
[EventDate "2002.07.06"]
[EventType "swiss"]
[EventRounds "9"]
[EventCountry "AND"]
[SourceTitle "CBM 089 Extra"]
[Source "ChessBase"]
[SourceDate "2002.09.10"]
[SourceVersion "2"]
[SourceVersionDate "2002.09.10"]
[SourceQuality "1"]

1. c4 Nf6 2. Nf3 e6 3. g3 d5 4. d4 dxc4 5. Bg2 a6 6. Ne5 c5 7. Be3 Nd5 8. dxc5
Nd7 9. Bd4 (9. Nxd7 Nxe3 10. fxe3 Bxd7 11. Qd4 Qa5+ 12. Nc3 Qxc5 13. Bxb7 Qxd4
14. exd4 Rb8 15. Bxa6 Rxb2 16. Kf2 Rb6 17. Bb5 Rxb5 18. Nxb5 Bxb5 19. Rab1 Bc6
20. Rhc1 Kd7 21. Rxc4 Bd6 22. Rb6 Bd5 23. Ra4 Bc7 {Dokhoian,Y-Ftacnik,L/BL
1993/1/2-1/2 (90)}) (9. Nxc4 Nxe3 10. Nxe3 Bxc5 11. Nc4 O-O 12. O-O Rb8 13. Nc3
b5 14. Nd6 Nf6 15. Nxc8 Qxd1 {1/2-1/2 Onischuk,A-Aronian,L/BL 0001 2001/
Chess-international (15)}) 9... Bxc5 $6 $146 (9... Nxc5 10. Nc3 (10. Nxc4 b5
11. Ne5 Bb7 12. O-O Be7 13. Nc3 Nxc3 14. Bxc3 Bxg2 15. Kxg2 Qb6 16. f3 O-O 17.
Qd4 Bf6 18. Qe3 Na4 19. Bd4 Qb8 20. Nd7 Bxd4 {Taylor,G-Baragar,F/NWC 1982/1/
2-1/2 (36)}) 10... Nxc3 11. Bxc3 Qxd1+ 12. Rxd1 Na4 13. Ba5 Nxb2 14. Rd8+ Ke7
15. Bxb7 Bxb7 16. Rd7+ Ke8 17. Rxb7 f6 18. Nf7 Rg8 19. Nd8 Na4 20. Nxe6 Nc5 21.
Nxc5 Bxc5 22. O-O Rc8 {1/2-1/2 Gleizerov,E-Zlochevsky,x/UdSSR 1987 (46)}) (9...
Nxe5 10. Bxe5 Bxc5 (10... f6 11. Bd4 Bxc5 12. Bxc5 Qa5+ 13. Nd2 Qxc5 14. Rc1 b5
15. b3 Bb7 16. O-O c3 17. Ne4 Qc7 18. b4 Rd8 19. Qb3 Kf7 20. Nc5 Bc8 21. Rfd1 {
1-0 Ivanchuk,V-Novikov,I/USSR 1986/Inf 41 (46)}) 11. Bxg7 Rg8 12. Bc3 b5 13.
Bd4 Qb6 14. Bxc5 Qxc5 15. Nc3 Bb7 16. Nxd5 Bxd5 17. Bxd5 Rd8 18. O-O Rxd5 19.
Qc2 h5 20. Rad1 Rf5 {1/2-1/2 Salov,V-Portisch,L/Bruxelles 1988/Inf 45 (54)})
10. Nxc4 Bxd4 11. Qxd4 O-O 12. O-O {[%csl Gg2][%cal Gg2a8]} Qf6 (12... b5 $5
13. Bxd5 (13. Ne3) 13... Nf6 $5 14. Ne3 Bb7 15. Nc3 $14) 13. Rd1 $1 {[%mdl 32]}
Qxd4 (13... Qg6 14. Nc3 $36) 14. Rxd4 N7f6 (14... Nb4 15. Rd2 (15. Nba3 $5))
15. e4 $5 $16 (15. Nc3 Nxc3 16. bxc3 Rb8 (16... Nd5 17. Bxd5 exd5 18. Nb6 Rb8
19. Nxd5 Be6 20. e4 $16) 17. Nb6 e5 18. Rd2 $16) 15... Nb4 16. Nb6 Nc6 (16...
Nc2 17. Rd2 Nxa1 18. Nxa8 b5 19. e5 Nd7 (19... Nd5 20. Bxd5 exd5 21. Nc3 $18 {
[%csl Ra1]}) 20. f4 b4 $8 {[%csl Gc3]} 21. Nc7 $16) 17. Rd6 Rb8 18. Nc3 (18. f4
$5) 18... Ne8 (18... e5 $1 19. f4 $16) 19. Rd2 Nc7 (19... e5 $142 20. f4 f6 21.
Rf1 $16) 20. Bh3 $1 {[%cal Rh3c8][%mdl 4096]} Na8 21. Nca4 $1 Nxb6 22. Nxb6 Re8
{[%cal Gg8e7]} 23. f4 Kf8 24. Rad1 (24. e5 $5 f6 25. Re1) 24... Ke7 25. Kf2 Rd8
26. Ke3 $6 $138 (26. Rxd8 Nxd8 27. e5 $1 f6 28. Ke3 Nf7 $140 29. Rc1 Bd7 30.
Rc7 $18) 26... Rxd2 27. Rxd2 f6 28. a3 (28. Bg4 g6 $1 {[%cal Gh7h5,Gg6g5]})
28... h5 $1 29. Kd3 $5 (29. b4 g5 30. Bf1 e5 31. f5 Nd4 32. Be2 $1 g4 33. h3
$16) 29... Bd7 30. Kc4 Be8 (30... Rd8 31. Kc5 $16) 31. b4 (31. Kc5 Na5 $5 32.
Rd1) 31... Na7 $2 (31... Rd8 $1 32. Rxd8 Nxd8 $14) 32. Kc5 Nc8 33. e5 $1 fxe5
34. fxe5 Bc6 35. Bg2 Bxg2 36. Rxg2 Na7 $5 (36... Ke8 37. Nxc8 Rxc8+ 38. Kb6 Rc3
39. a4 (39. Ra2 Rb3 40. Kxb7 $140 a5 $1) 39... Rb3 40. b5 axb5 41. axb5 $18 {
[%cal Gg2c2,Gc2c7]}) 37. Rd2 Kf7 38. Rd7+ Kg6 39. Kd6 Nb5+ (39... Nc6 40. Kxe6
Re8+ 41. Kd6 Nxe5 42. Rxb7 $18) 40. Kxe6 Nxa3 (40... Re8+ 41. Re7 $18) 41. Ke7
Nc2 42. Nd5 Kf5 43. e6 Nd4 44. Kf7 $1 Nf3 (44... Nxe6 45. Ne7+ Ke5 46. Rd5+ $18
) 45. Ne7+ $5 Ke4 46. Ng6 $18 {[%csl Ge5]} Ng5+ $8 47. Ke7 Kf5 48. Nf4 h4 (
48... Kg4 49. Rd8 Rxd8 50. Kxd8 Nxe6+ 51. Nxe6 b6 (51... Kh3 52. Kc7 $18) 52.
Kc7 a5 53. b5 a4 54. Kxb6 a3 55. Nd4 $18) 49. Rd5+ Kg4 50. h3+ $1 Nxh3 51. Nxh3
(51. Nxh3 hxg3 52. Ng1) 1-0

[Event "Shanghai m"]
[Site "Shanghai"]
[Date "2016.05.07"]
[Round "3"]
[White "Ding, Liren"]
[Black "So, Wesley"]
[Result "1-0"]
[WhiteElo "2778"]
[BlackElo "2775"]
[Annotator "RR"]
[PlyCount "75"]
[EventDate "2016.05.04"]
[EventType "match"]
[EventRounds "4"]
[EventCountry "CHN"]
[SourceTitle "CBM 173"]
[Source "ChessBase"]
[SourceDate "2016.07.12"]
[SourceVersion "1"]
[SourceVersionDate "2016.07.12"]
[SourceQuality "1"]

1. d4 Nf6 2. c4 e6 3. Nf3 d5 4. Nc3 c6 5. g3 dxc4 6. Bg2 b5 7. Ne5 a6 8. O-O
Bb7 9. b3 {Das ist eine sehr prinzipielle Variante. Weiß setzt auf seinen
Entwicklungsvorsprung und nimmt einen gedeckten Freibauern in Kauf - den
Schwarz sogar mehr hat.} b4 10. Ne4 Nxe4 11. Bxe4 c3 12. a3 a5 13. axb4 axb4
14. Bf4 Nd7 {Schwarz gibt den Bauern zurück, denn etwa} (14... Qc8 $6 {sieht
nach} 15. Rxa8 Bxa8 16. Qa1 Bb7 17. Qa5 {sehr erfreulich für Weiß aus.}) ({Aber
} 14... f6 15. Rxa8 Bxa8 16. Nc4 g5 {kommt in Frage, wenngleich dies in einer
Partie schwierig einzuschätzen ist.}) 15. Bxc6 Bxc6 16. Nxc6 Qc8 17. Rxa8 Qxa8
18. d5 $1 Bc5 19. Qd3 {Das sieht stark aus, denn Weiß gewinnt nun gleich einen
Bauern.} ({Stattdessen kommt aber auch} 19. Be3 $1 Bxe3 20. fxe3 O-O 21. Qd4 {
stark in Frage.}) 19... O-O 20. dxe6 Qxc6 21. exd7 Rd8 22. Rd1 Bb6 23. e4 h6
24. h4 $6 {Eigentlich ein natürlicher Zug, aber} (24. Kg2 {ist genauer und
hält einen Minivorteil fest.}) 24... Qe6 $1 25. Qd5 Qg4 $1 {Jetzt rächt sich,
dass Kg2 noch nicht steht.} 26. Kg2 c2 $1 27. Rc1 Qe2 $2 ({Richtig ist} 27...
Rxd7 28. Qc6 {, aber Schwarz muss dann auch} Rd3 $1 {finden.} {Nach} 29. e5 {
gibt es mehrere Wege zum Remis, u.a.} Rxb3 30. Rxc2 Rd3 {denn der Bb6 ist tabu}
{(} 31. Qxb6 $2 Qf3+ 32. Kh3 Qh1+ 33. Kg4 Qd1+ 34. Kh3 Qxc2 {usw.}) 28. Rf1 Bc7
{Das sieht ganz nett aus, aber vorzuziehen war der Rückzug} (28... Qg4 {
, wenngleich Schwarz mit einem glatten Bauern weniger verbleibt.}) 29. e5 $1 (
29. Bxc7 $4 Qxf1+ 30. Kxf1 c1=Q+ 31. Kg2 Qxc7) 29... Qg4 30. Rc1 Rxd7 31. Qa8+
Rd8 32. Qc6 g5 {Auch das sieht gefällig aus, aber Weiß wird weder den Bf4
ziehen noch den Bc7 schlagen.} 33. e6 $1 gxf4 34. Qxc7 f3+ ({Auch das Endspiel
nach} 34... Rd2 35. Qxf7+ Kh8 36. Qxf4 Qxf4 37. gxf4 {ist für Schwarz verloren.
}) 35. Kh2 Rd2 36. Rxc2 Rxc2 37. exf7+ Kg7 38. Qxc2 1-0

[Event "FRA-chT Top 12"]
[Site "Montpellier"]
[Date "2015.05.31"]
[Round "2.4"]
[White "Matlakov, Maxim"]
[Black "Sanikidze, Tornike"]
[Result "1-0"]
[WhiteElo "2694"]
[BlackElo "2515"]
[Annotator "RR"]
[PlyCount "121"]
[EventDate "2015.05.30"]
[EventType "team-tourn"]
[EventRounds "11"]
[EventCountry "FRA"]
[SourceTitle "CBM 166 Extra"]
[Source "ChessBase"]
[SourceDate "2015.06.18"]
[SourceVersion "1"]
[SourceVersionDate "2015.06.18"]
[SourceQuality "1"]
[WhiteTeam "Clichy-Echecs 92"]
[BlackTeam "Strasbourg"]
[WhiteTeamCountry "FRA"]
[BlackTeamCountry "FRA"]

1. Nf3 Nf6 2. c4 e6 3. g3 d5 4. d4 dxc4 (4... c6 5. Bg2 dxc4 6. Ne5 b5 7. Nxc6
Qb6 8. Na5 Nd5 (8... Qxa5+ 9. Bd2 {[%csl Ra8]}) 9. Bd2 Nc6 10. Nxc6 Qxc6 11. e4
Nb4 12. O-O Bb7 13. a4 a6 14. axb5 axb5 15. d5 Qb6 16. Rxa8+ Bxa8 17. dxe6 Qxe6
18. Nc3 Qd7 19. Qh5 Nd3 20. Ra1 $32) 5. Bg2 Nc6 6. Qa4 Nd7 $5 {[%cal Ge6e5]} (
6... Bb4+ {La grande ligne} 7. Nc3 Nd5) 7. Qxc4 Nb6 8. Qb5 $5 (8. Qd3 e5) 8...
a6 (8... Bd7) 9. Qd3 (9. Qg5 Bb4+ 10. Nc3 Qxg5 11. Bxg5 Na4 12. a3 Nxc3 13.
axb4 Nb5 14. Bd2 Ncxd4 15. Nxd4 Nxd4 16. Rc1 Nb5 17. Bf4 c6 18. O-O O-O 19.
Rfd1 f6 20. Be3 e5 21. Bb6 Be6 22. Rd3 Rfe8 23. e4 Kf7 24. Bf1 g5 25. f3 Na7
26. Rcd1 Nb5 27. Kf2 Kg6 28. Ke3 f5 29. exf5+ Bxf5 30. R3d2 g4 31. fxg4 Bxg4
32. Bd3+ e4 33. Be2 Bxe2 34. Kxe2 Re6 35. Rd7 Rf8 36. Bc5 Rf5 37. Rxb7 e3 38.
Rf1 Rd5 {Dorfman,J (2574)-Naiditsch,A (2720) Montpellier 2015 1/2-1/2}) 9... e5
$1 {Le thème de la variante Nd7} 10. Nxe5 Nb4 11. Qd1 Qxd4 12. Qxd4 Nc2+ 13.
Kd1 Nxd4 14. Be3 Ne6 $146 (14... Nf5 15. Bxb6 cxb6 16. Nd2 (16. Nc3) 16... Bc5
17. Nd3 Rb8 18. Rc1 Be7 19. e3 O-O 20. Ke2 Bd7 21. Nc4 Bd8 22. Rhd1 Re8 23. b3
Bb5 24. Bh3 Bxc4 25. Bxf5 Bb5 26. a4 Bxd3+ 27. Rxd3 g6 28. Bh3 Kf8 29. Bd7 Re7
30. f4 f5 31. Kf3 h5 32. h3 Kf7 33. g4 hxg4+ 34. hxg4 fxg4+ 35. Bxg4 b5 36.
axb5 axb5 37. e4 Bb6 38. e5 Rh8 39. Rd6 Ba7 40. Rd7 Bb6 41. Rcd1 Rhe8 42. R7d5
Rc7 43. Rxb5 Rc3+ 44. Kg2 {Eljanov,P (2717)-Naiditsch,A (2685) Sibenik 2009 1-0
}) 15. Bxb6 $1 cxb6 16. Nc3 Bc5 17. e3 f6 {L'affaiblissement de la case "e6"
n'est pas négligeable} 18. Nd3 $14 Be7 19. Ke2 $1 {Les Noirs vont avoir du
mal à terminer le développement de l'aile-dame et la petite avance de
développement des Blancs est assez dangereuse.} Rb8 20. Nd5 Bd8 21. Rhd1 Bd7
22. f4 Nc5 23. Nc3 Nxd3 24. Rxd3 Bc6 25. Bxc6+ bxc6 26. Rd6 (26. Rad1) 26...
Rc8 27. Rad1 $32 O-O (27... Be7 28. Rd7 {[%cal Gd7a7]}) 28. Re6 $5 (28. Rd7 Bc7
29. g4 {[%csl Gf5][%cal Ge2f3]} a5 (29... Rfd8 $2 30. Rxc7) 30. Kf3 f5 31. h3)
28... f5 29. e4 $1 fxe4 30. Nxe4 c5 31. Kf3 c4 32. Rd7 $1 a5 33. a4 $1 {
[%csl Rb6] L'aile-dame est maintenant fixée et les pièces Noires risquent
rapidement le zugzwang} Rb8 34. Rd5 Rc8 35. h4 Rb8 36. Rc6 (36. Kg4) 36... Bf6
37. Nxf6+ Rxf6 38. Rxc4 Re8 39. Rc7 {[%csl Gc7][%cal Gd5d7]} Rf7 40. Rc6 Rb7
41. Rb5 Reb8 {la finale est très difficile pour les Noirs} 42. b3 h6 $6 {
[%csl Rg6] Donne des cases d'accès au K Blanc} 43. Kg4 $1 {[%cal Gg4h5,Gh5g6]}
Kh7 44. Kh5 Rd8 $22 45. Rcxb6 $18 Rxb6 46. Rxb6 Rd5+ 47. Kg4 h5+ 48. Kh3 Rd3
49. Rb5 Kh6 50. Kg2 g6 51. Rxa5 Rxb3 52. Rg5 Re3 53. a5 Re6 54. Kf3 Kh7 55. Re5
Rd6 56. Ke4 Kg7 57. Rd5 Rc6 58. Kd4 Kf6 59. Rc5 Rd6+ 60. Kc4 Ke7 61. Re5+ 1-0

[Event "Dortmund SuperGM 43rd"]
[Site "Dortmund"]
[Date "2015.07.01"]
[Round "4"]
[White "Caruana, Fabiano"]
[Black "Naiditsch, Arkadij"]
[Result "1-0"]
[WhiteElo "2805"]
[BlackElo "2722"]
[Annotator "Ramirez Alvarez,A"]
[PlyCount "81"]
[EventDate "2015.06.27"]
[EventType "tourn"]
[EventRounds "7"]
[EventCountry "GER"]
[EventCategory "19"]
[SourceTitle "CBM 167"]
[Source "ChessBase"]
[SourceDate "2015.07.13"]
[SourceVersion "1"]
[SourceVersionDate "2015.07.13"]
[SourceQuality "1"]

1. d4 Nf6 2. c4 e6 3. g3 d5 4. Bg2 dxc4 5. Nf3 c5 6. O-O Nc6 7. Qa4 Bd7 8. Qxc4
b5 9. Qc3 cxd4 10. Nxd4 Nxd4 11. Qxd4 Rc8 12. Bf4 Bc5 13. Qd3 Qb6 14. Nd2 O-O
15. Ne4 Nd5 (15... Nxe4 16. Bxe4 {double attacks h7 and d7.}) 16. Ng5 $5 (16.
Nxc5 Qxc5 17. Be5 {seemed more natural, simply obtaining the pair of bishops.
Caruana is more ambitious.}) 16... g6 17. Be5 $5 Be7 (17... f6 18. Bxd5 fxg5 $1
(18... exd5 19. Qxd5+ Kh8 20. Qxd7 $18) 19. Bf3 {looks visually ugly for Black,
but he does get the open f-file and some pressure on f2. Perhaps this was
Naiditsch's best move.}) 18. Nf3 Bc6 19. Qd2 {White retains some pressure
thanks to the darksquare weaknesses on the kingside. If f6 is played, the
kingside is weakened in the longterm.} f6 20. Bd4 Qb7 21. Rac1 Rfd8 22. Bh3 Bd7
23. Rxc8 Bxc8 24. Rc1 Bd7 25. Bc5 $1 {Nice timing for this. White retains most
of his attacking material while getting rid of the important e7 defender.} Bxc5
26. Rxc5 Rc8 27. b4 $1 Rxc5 28. bxc5 Qc7 29. e4 Ne7 30. Qd4 {Superb. White's
domination came almost out of nowhere. The passed pawn is now strong, while
the pressure on f6 is annoying. White's pieces are placed in great positions.}
Kg7 31. e5 $1 f5 32. Bg2 h6 33. Qd6 $16 {The two passed pawns are too strong
now, and Black has no choice but give them to Caruana.} Qxd6 34. exd6 Nc6 35.
Ne1 (35. Nd2 {was also good.}) 35... a5 $6 (35... Kf6 {resists longer, but
still looks too strong for White.}) 36. Nd3 b4 37. h4 Nd4 38. Kh2 Bb5 39. Ne5
Kf6 40. c6 {Finally the killing blow.} Bxc6 41. Nxc6 1-0

[Event "Saint Louis Showdown Basque 2"]
[Site "Saint Louis"]
[Date "2015.11.12"]
[Round "1.1"]
[White "Hou, Yifan"]
[Black "Negi, Parimarjan"]
[Result "0-1"]
[WhiteElo "2683"]
[BlackElo "2664"]
[Annotator "Ramirez Alvarez,A"]
[PlyCount "92"]
[EventDate "2015.11.12"]
[EventType "match"]
[EventRounds "1"]
[EventCountry "USA"]
[SourceTitle "CBM 169 Extra"]
[Source "ChessBase"]
[SourceDate "2015.12.18"]
[SourceVersion "1"]
[SourceVersionDate "2015.12.18"]
[SourceQuality "1"]

1. c4 e6 2. g3 d5 3. Bg2 Nf6 4. Nf3 a6 {One of the more ambitious set ups
against the Catalan. Black will take on c4 and keep the pawn in these
variations.} 5. d4 dxc4 6. O-O Nc6 7. Nbd2 b5 $5 {A typical idea in these
positions, sacrificing the exchange but keeping the strong pawn majority on
the queenside.} 8. Ne5 Nxe5 9. Bxa8 Qxd4 10. a4 Qa7 11. Bg2 Bb7 $1 {A nice
move. Black can ignore the a4 threat and continue his development.} 12. axb5
Bxg2 13. Qa4 $5 {Changing the character of the game!} (13. Kxg2 Qb7+ 14. Nf3
axb5 {looks a bit more pleasant for Black.}) 13... Qa8 14. Qxa6 Qxa6 15. bxa6
Ba8 {Unfortunately for Yifan it is unlikely that this sacrifice works. Black's
pieces coordinate too well and the a-pawn isn't goin anywhere.} 16. Ra4 Bd6 17.
Nxc4 Nxc4 18. Rxc4 Kd7 19. f3 Bd5 (19... Bc6 $1) 20. Ra4 Bc6 21. Ra5 Bb4 22.
Rd1+ Ke7 23. Ra1 Ra8 24. Kf1 Bb5 25. a7 Bc5 26. Bf4 Nd5 27. Ra5 c6 28. Bd2 Rxa7
{Black collects the pawn, and the rest is just suffering.} 29. Rxa7+ Bxa7 30.
Ke1 Bc5 31. Ra1 Ne3 32. Rc1 Bb6 33. Bb4+ Kd7 34. b3 e5 35. Bc5 Bxc5 36. Rxc5
Kd6 37. Rc1 f5 38. Kd2 f4 39. gxf4 exf4 40. Rg1 g6 41. Rg5 Nf5 42. Rg4 Ke5 43.
h4 Nd4 44. Rg5+ Kf6 45. b4 Nxe2 46. Ke1 Nc3 0-1

[Event "Olympiad-36"]
[Site "Mallorca"]
[Date "2004.10.27"]
[Round "12"]
[White "Ehlvest, Jaan"]
[Black "San Segundo Carrillo, Pablo"]
[Result "1-0"]
[WhiteElo "2631"]
[BlackElo "2516"]
[Annotator "Ribli,Z"]
[PlyCount "47"]
[EventDate "2004.10.15"]
[EventType "team-swiss"]
[EventRounds "14"]
[EventCountry "ESP"]
[SourceTitle "CBM 104"]
[Source "ChessBase"]
[SourceDate "2005.01.27"]
[SourceVersion "1"]
[SourceVersionDate "2005.01.27"]
[SourceQuality "1"]
[WhiteTeam "Estonia"]
[BlackTeam "Spain II"]
[WhiteTeamCountry "EST"]
[BlackTeamCountry "ESP"]

1. d4 Nf6 2. c4 e6 3. g3 d5 4. Bg2 dxc4 5. Nf3 Nc6 {Diese Variante ist sehr
populär in der letzten Zeit. Im Falle von 6.0-0 kann Schwarz entweder mit 6...
a6 oder mit 6...Rb8 fortsetzen und möglicherweise seinen c4-Plusbauern
verteidigen.} 6. Qa4 Bb4+ 7. Bd2 Nd5 (7... Bd6 $5) 8. Bxb4 Ndxb4 9. a3 {
Dieser Zug führt zu konkretem Spiel. Die Alternative wäre 9.0-0, wonach
Schwarz 9...Rb8 (oder 9...a6) spielt.} (9. Ne5 O-O $1) 9... b5 10. Qxb5 Nc2+
11. Kf1 {Gewöhnlich spielt Weiß den anderen Königszug 11.Kd2, aber der Textzug
ist auch spielbar.} Nxa1 $2 $146 {Schwarz nimmt den Turm, aber nun befindtet
sich sein a1N in großer Not.} (11... Qd5 $4 12. Qa4 $18) (11... Bd7 $5 12. Ra2
N6xd4 (12... Qf6 13. Qc5 $1 Rb8 14. e3 Qg6 {/\Nxe3} 15. Nbd2 Qd3+ 16. Kg1 Ne1
17. Qxc4 Nxf3+ 18. Bxf3 Qxd2 19. b4 $1 Na5 20. Qxc7 Qxa2 21. Qxb8+ Ke7 {
1-0 Filipik,J-Juricek,S/corr Nord-Maehren-12ch sf 1979/[Juricek,S] (27)}) 13.
Qc5 (13. Qe5 f6 $13) 13... Nf5 $1 (13... Qe7 14. Qxe7+ Kxe7 15. Nxd4 Nxd4 16.
Bxa8 Rxa8 $44) 14. Ne5 Rb8 15. Nc3 (15. Nxd7 $5) 15... Rb6 16. e3 Ba4 17. Be4
Nd6 18. Bxc2 Bxc2 19. Kg2 O-O $17 {0-1 Karpov,A-Van Wely,L/Dubai UAE 2002/(35)}
) (11... Rb8 $5 12. Qxc6+ Bd7 13. Qxc4 Rxb2 14. Ne5 Nxa1 15. Be4 O-O 16. Qc3
Ra2 17. Qc4 Rb2 $11) 12. Ne5 {[%csl Rc6][%cal Gg2a8,Gb5e8][%mdl 4] Weiß bringt
den Springer ins Spiel, aber die Alternative 12.Qxc6+ scheint mir auch ganz
gut zu sein.} (12. Qxc6+ Bd7 13. Qxc4 Rb8 14. b4 Ba4 15. Nc3 Bb3 16. Qc6+ $16)
12... O-O 13. Bxc6 (13. Nxc6 Qd6 (13... Qf6 14. Ne5 a6 15. Qxc4 Rb8 16. b4 $14)
14. Nd2 Bd7 15. Nxc4 Bxc6 16. Bxc6 (16. Nxd6 Bxb5 17. Nxb5 Rab8 $17) 16... Qxd4
17. Bxa8 Rxa8 $11) 13... f6 (13... a6 14. Qxc4 Rb8 15. b4 f6 16. Nd3 Rb6 17.
Nd2 Rxc6 18. Qxc6 Qxd4 19. Kg2 $16) 14. Nf3 e5 (14... a6 15. Qxc4 Rb8 16. b4
$16) 15. Qxc4+ Kh8 16. Kg2 {[%csl Ra1][%cal Gh1a1]} (16. Bxa8 $6 Bh3+ 17. Kg1
Qxa8 $132) 16... Rb8 17. Nbd2 Rxb2 18. Rxa1 $16 {[%mdl 1024] Weiß hat
Materialvorteil, zwei Leichtfiguren gegen den Turm.} exd4 19. Nb3 d3 20. exd3
Qd6 21. Nfd4 (21. Nbd4 $18) 21... Qe5 (21... Rxb3 $5 22. Qxb3 (22. Nxb3 Be6 23.
Qc5 Bxb3 24. Qxd6 cxd6 25. d4 $16) 22... Qxd4 23. Qb4 Qd8 (23... Rd8 24. Qxd4
Rxd4 25. Re1 Rd8 26. Re7 $18) 24. Re1 $16) 22. Qc1 $18 {[%csl Rb2][%cal Rc1b2]
Auf diese Weise gewinnt Weiß weiteres Material.} Bh3+ 23. Kg1 (23. Kxh3 Rxf2
24. Qc5 $18) 23... Re8 {Die letzte "Chance" für Schwarz in verlorener Stellung
- im Falle von 24.Qxb2?? gewinnt Schwarz mit 24...Qe1+.} 24. Bxe8 1-0

[Event "Olympiad-36"]
[Site "Mallorca"]
[Date "2004.10.28"]
[Round "13"]
[White "Gustafsson, Jan"]
[Black "Babula, Vlastimil"]
[Result "1-0"]
[WhiteElo "2603"]
[BlackElo "2571"]
[Annotator "Ribli,Z"]
[PlyCount "105"]
[EventDate "2004.10.15"]
[EventType "team-swiss"]
[EventRounds "14"]
[EventCountry "ESP"]
[SourceTitle "CBM 104"]
[Source "ChessBase"]
[SourceDate "2005.01.27"]
[SourceVersion "1"]
[SourceVersionDate "2005.01.27"]
[SourceQuality "1"]
[WhiteTeam "Germany"]
[BlackTeam "Czech Republic"]
[WhiteTeamCountry "GER"]
[BlackTeamCountry "CZE"]

1. d4 Nf6 2. c4 e6 3. g3 d5 4. Nf3 dxc4 5. Bg2 Nc6 (5... Nbd7 6. O-O Rb8 7. Qc2
b5 8. a4 a6 9. axb5 axb5 10. Ne5 Nxe5 11. dxe5 Nd5 12. Rd1 Bd7 13. Nc3 c6 {
0-1 Nielsen,P-Babula,V/Germany 2002/EXT 2003 (30)}) (5... a6 6. a4 Nc6 7. O-O
Rb8 8. e3 b5 9. axb5 axb5 10. b3 cxb3 11. Qxb3 Be7 12. Bd2 O-O 13. Rc1 $44 {
1/2-1/2 Bernasek,J-Babula,V/Karlovy Vary CZE 2004/(23)}) 6. Qa4 Bb4+ {Das ist
die übliche Fortsetzung in dieser Stellung, aber die Variante 6...Nd7 7.Qxc4
Nb6 8.Qd3 e5 ist auch spielbar.} 7. Bd2 Nd5 (7... Bd6 $5) 8. Bxb4 Ndxb4 9. a3
b5 10. Qxb5 Nc2+ 11. Kd2 Nxa1 (11... Bd7 12. Kxc2 Nxd4+ 13. Nxd4 Bxb5 14. Nxb5
Rb8 15. N1c3 $14 {0-1 Gustafsson,J-Shabalov,A/playchess.com INT 2004 (31)}) 12.
Qxc6+ Bd7 13. Qxc4 Rb8 $6 {Schwarz bringt den Turm ins Spiel und droht jetzt
14...Nb3+, aber der Textzug ist nicht die beste Möglichkeit für ihn - die
Alternative 13...c5! bietet Schwarz viel bessere Chancen als die
Partiefortsetzung.} (13... c5 $1) 14. b4 c5 {Weil der gegnerische König
unsicher auf d2 steht, öffnet Schwarz die Stellung im Zentrum.} 15. Qc3 (15.
Qa2 cxb4 16. axb4 Rxb4 17. Qxa1 Ra4 $132) 15... cxb4 16. axb4 (16. Qxa1 Qa5 $13
{'<=>' Ribli.}) 16... Qb6 $146 (16... a5 17. Qxa1 axb4 18. Rc1 O-O 19. Ne5 Bb5
20. Rc5 $16 {[%csl Gc5,Ge5] 1-0 Rahman,Z-Rausis,I/Calcutta 2001/CBM 82/[Ribli]
(50)}) (16... O-O 17. Qxa1 (17. Na3) 17... Rxb4 18. Rc1 $14 (18. Rc1 Qb6 19.
Ke1 Rc8 20. Rxc8+ Bxc8 21. Nfd2 Rxd4 22. Qc3 {1/2-1/2 Schandorff,L-Zucchelli,M/
Copenhagen 2002/(22)})) 17. Qxa1 Qxb4+ 18. Nc3 $14 {[%csl Rd2] Weiß hat
Materialvorteil - zwei Leichtfiguren gegen einen Turm. Aber Schwarz hat einige
Gegenchancen, denn die Damen sind auf dem Brett und der weiße König steht
unsicher in der Mitte.} O-O 19. Rb1 (19. Qxa7 $4 Qb2+ 20. Kd3 Rb3 $19) 19...
Qc4 20. e3 {[%cal Gf3e5,Ge5c4,Ge5d7] Weiß verstärkt seine Zentrumsstellung, es
droht schon 21.Ne5.} (20. Rc1 $14) 20... Rxb1 21. Qxb1 Rc8 22. Qb2 f6 {[%cal
Gf6e5,Ge6e5] Schwarz verteidigt sich gegen 23.Ne5 und später kann er mit
eventuellem e6-e5 die Stellung sprengen.} 23. Ne1 {[%cal Ge1d3,Gd3c5] Weiß
öffnet die Diagonale des g2-Läufers und der Springer zielt auf das c5-Feld.}
Bc6 24. Bh3 $1 {[%csl Gh3] Weiß muss den Läufer für das Endspiel behalten.} (
24. Qa2 Qxa2+ (24... Qxc3+ 25. Kxc3 Bd5+ 26. Kb2 Bxa2 27. Kxa2 $14) 25. Nxa2
Bxg2 26. Nxg2 Kf7 $14) 24... Rd8 {[%cal Gd8d2,Ge6e5] Schwarz bereitet 25...e5
vor.} 25. Qa3 (25. Qa2 Qxa2+ 26. Nxa2 Kf7 27. Nb4 $14) 25... e5 26. Qe7 $1 {
[%csl Ge7][%cal Rh3e6,Re6g8,Re6c4,Re7d8,Re7a7][%mdl 2048] Das Eindringen der
Dame ist sehr stark - es hängt der d8R, der a7P und es droht 27.Be6+.} Re8 27.
Qxa7 $16 {Weiß hat schon zwei Springer und einen Bauern für den Turm und
Schwarz hat keine wirklichen Drohungen.} exd4 28. Qxd4 Qa6 (28... Qxd4+ 29.
exd4 $18) 29. Nd3 Qa8 {[%cal Ge8d8,Gd8d2]} 30. Nb4 Bf3 31. Bd7 Rd8 32. Be6+ Kh8
33. Bd5 Qa3 (33... Bxd5 34. Nbxd5 $16) 34. e4 {[%csl Gd5]} Qb2+ 35. Nc2 f5 36.
Qb4 $1 {Nach diesem Zug ist der Damentausch erzwungen.} Qxb4 37. Nxb4 fxe4 38.
Ke3 g6 39. Bxe4 $18 {[%mdl 4096] Das Endspiel ist gewonnen für Weiß.} Bg4 40.
Nc6 Re8 41. f3 Bd7 42. Nd4 Kg7 43. Nd5 Rb8 44. Kf4 {Stufenweise verbessert
Weiß seine Stellung.} Be8 45. Ne6+ Kf7 46. Ke5 {[%csl Gd5,Ge4,Ge5,Ge6] Alle
weißen Figuren stehen sehr aktiv, Schwarz hat keine Hoffnungen.} Ba4 47. Nf6 h6
48. Nc5 (48. h4 $18) 48... Bb5 49. Bd5+ Kg7 50. Ne6+ Kh8 51. Ng4 Kh7 52. Be4
Bc4 53. Nf6+ (53. Nf6+ Kh8 54. Bxg6 $2 (54. h4 $18) 54... Rb5+) 1-0